000 00390nam a2200169Ia 4500
008 210210b1933 xxu||||| |||| 00| 0 eng d
041 _aeng
082 _a829/162
100 _aCONAN (Doyle)
245 _aMicah clarke
260 _aLondon
_bLongman Green & Co Ltd.,
_c1933
650 _aMicah
650 _aclarke
690 _aEnglish Fiction
700 _aARTHUR
906 _a016768
999 _c136451
_d136451